000
00276nam a22001217a 4500
008
170314b xxu||||| |||| 00| 0 eng d
041
_a
eng
080
_2
3RD
_a
611
100
_a
7
101
_a
shm
245
_a
PRINCIPLES OF HUMAN PHYSIOLOGY
_c
STANFIELD. C.L
942
_2
udc
_c
BK
999
_c
7740
_d
7740